Con el corazón abierto testimonio de la pastora Clarita Rodes González /
Uloženo v:
| Hlavní autor: | |
|---|---|
| Médium: | Neznámo |
| Jazyk: | Spanish |
| Vydáno: |
La Habana, Cuba Caminos
|
| Vydání: | 2nd. edición corregida y aumentada |
| Témata: | |
| Tagy: |
Přidat tag
Žádné tagy, Buďte první, kdo vytvoří štítek k tomuto záznamu!
|
MARC
| LEADER | 00000 a2200000 04500 | ||
|---|---|---|---|
| 001 | 48399 | ||
| 003 | cru CIDCACS/IIS | ||
| 005 | 20190425084645.0 | ||
| 008 | 050615s19931996cu # spa d | ||
| 999 | |c 1825 |d 1825 | ||
| 020 | |a 959-7070-03-0 | ||
| 022 | |a 959-7070-03-0 | ||
| 040 | |c cru CIDCACS/IIS | ||
| 090 | |a 05.04.02 R239c | ||
| 100 | |a Rauber, Isabel | ||
| 245 | |a Con el corazón abierto |b testimonio de la pastora Clarita Rodes González / |c edición Joel Suárez Rodés | ||
| 250 | |a 2nd. edición corregida y aumentada | ||
| 260 | |b La Habana, Cuba |b Caminos | ||
| 300 | |a 97 páginas |b Sin ilust. | ||
| 500 | |a Colección Alforja | ||
| 650 | |a MUJERES | ||
| 650 | |2 Macrothesauro de la OCDE/ | ||
| 650 | |a RELIGION | ||
| 650 | |2 Macrothesauro de la OCDE/ | ||
| 650 | |a POLITICA | ||
| 650 | |2 Macrothesauro de la OCDE/ | ||
| 650 | |a DISCRIMINACION BASADA EN EL GENERO | ||
| 650 | |2 Macrothesauro de la OCDE/ | ||
| 650 | |a INSTITUCIONES RELIGIOSAS | ||
| 650 | |2 Macrothesauro de la OCDE/ | ||
| 650 | |a REVOLUCION | ||
| 650 | |2 Macrothesauro de la OCDE/ | ||
| 650 | |a FAMILIA | ||
| 650 | |2 Macrothesauro de la OCDE/ | ||
| 650 | |a TESTIMONIOS DE MUJERES | ||
| 650 | |2 Listado unificado de CLACSO/ | ||
| 650 | |a HISTORIAS DE VIDA | ||
| 650 | |2 Listado unificado de CLACSO/ | ||
| 650 | |a FE | ||
| 650 | |2 Listado unificado de CLACSO/ | ||
| 651 | |a Cuba | ||
| 942 | |2 ddc |c LI | ||



